000 00821nam a2200265 a 4500
001 BRL_300
005 20190320210657.0
008 230713s1980----mx-ao#####---#000-0dspa-#
041 _aspa
044 _amx
050 4 _aF1435
_b.M39 1980
100 1 _aSodi M., Demetrio
_eautor
_q(Sodi Morales)
_923489
245 1 0 _aLos mayas el tiempo capturado.
_cDemetrio Sodi ; realización y diseño Beatrice Trueblood
260 _aMéxico
_bBancomer
_c1980
300 _a312 p.
_bil. (algunas a color)
_c32 cm.
500 _aAu365
504 _aBibliografía : p. 307-309
650 1 4 _aMayas
_xHistoria
_yHasta 1519
_923490
650 1 4 _aMayas
_xAntigüedades
_99555
700 1 _aSodi, Demetrio
_923491
700 1 _aTrueblood, Beatrice
_9615
700 1 _aEspinosa Yglesias, Manuel
_923492
902 _aGRL
942 _2lcc
_cB
999 _c9113
_d9113